<?xml version="1.0" encoding="UTF-8"?>
<record
    xmlns:xsi="http://www.w3.org/2001/XMLSchema-instance"
    xsi:schemaLocation="http://www.loc.gov/MARC21/slim http://www.loc.gov/standards/marcxml/schema/MARC21slim.xsd"
    xmlns="http://www.loc.gov/MARC21/slim">

  <leader>00489nam a2200169   4500</leader>
  <controlfield tag="005">20251016161937.0</controlfield>
  <datafield tag="020" ind1=" " ind2=" ">
    <subfield code="a">9789360615031</subfield>
  </datafield>
  <datafield tag="082" ind1=" " ind2=" ">
    <subfield code="a">332.632    BEA/S</subfield>
  </datafield>
  <datafield tag="084" ind1=" " ind2=" ">
    <subfield code="2">Colon Classification</subfield>
  </datafield>
  <datafield tag="100" ind1=" " ind2=" ">
    <subfield code="a">Beatty, Laura</subfield>
    <subfield code="9">2090</subfield>
  </datafield>
  <datafield tag="245" ind1=" " ind2=" ">
    <subfield code="a">Security analysis and investment management /</subfield>
    <subfield code="c"> Laura Beatty</subfield>
  </datafield>
  <datafield tag="260" ind1=" " ind2=" ">
    <subfield code="a">New Delhi :	</subfield>
    <subfield code="b">Pinakin Publishing,</subfield>
    <subfield code="c">2025.</subfield>
  </datafield>
  <datafield tag="300" ind1=" " ind2=" ">
    <subfield code="a">288p.:</subfield>
  </datafield>
  <datafield tag="650" ind1=" " ind2=" ">
    <subfield code="a">Security analysis </subfield>
    <subfield code="9">3006</subfield>
  </datafield>
  <datafield tag="650" ind1=" " ind2=" ">
    <subfield code="a">Investment management </subfield>
    <subfield code="9">3007</subfield>
  </datafield>
  <datafield tag="942" ind1=" " ind2=" ">
    <subfield code="2">ddc</subfield>
    <subfield code="c">BK</subfield>
  </datafield>
  <datafield tag="999" ind1=" " ind2=" ">
    <subfield code="c">752239</subfield>
    <subfield code="d">752239</subfield>
  </datafield>
  <datafield tag="952" ind1=" " ind2=" ">
    <subfield code="0">0</subfield>
    <subfield code="1">0</subfield>
    <subfield code="2">ddc</subfield>
    <subfield code="4">0</subfield>
    <subfield code="7">0</subfield>
    <subfield code="a">IMK</subfield>
    <subfield code="b">IMK</subfield>
    <subfield code="c">GEN</subfield>
    <subfield code="d">2025-10-16</subfield>
    <subfield code="e">Chapter Books</subfield>
    <subfield code="g">2995.00</subfield>
    <subfield code="l">0</subfield>
    <subfield code="o">332.632    BEA/S</subfield>
    <subfield code="p">IMK17713</subfield>
    <subfield code="r">2025-10-16 10:50:21</subfield>
    <subfield code="v">2995.00</subfield>
    <subfield code="w">2025-10-16</subfield>
    <subfield code="y">BK</subfield>
  </datafield>
</record>
